000 00504nam a2200181Ia 4500
005 20250423094242.0
008 250422s9999 xx 000 0 und d
020 _a0-89512-202-2
050 _aQA 76.9 .G85/
245 2 _aA guide to information engineering using the IEF : computer-aided planning, analysis, and design
250 _a2nd ed.
260 _aTexas
260 _bTexas Intruments Incorporated
260 _c1990
300 _a448 p
650 _aInformation Technology
942 _cBK
999 _c26712
_d26712